000 00660nam a2200217Ia 4500
001 b96/1-23355 [2164]
003 IT-MiCISF
008 161014s9999||||xx |||||||||||||| ||und||
040 _aIT-MiCISF
_cIT-MiCISF
041 _afr
100 _aZwang Gérard
240 _aLa fonction érotique
245 0 _aLa fonction érotique
_b1. Les chemins de l'épanouissement sexuel
250 _a1a ed.
260 _a Parigi
_bRobert Laffont
_c1972
300 _app. 477
500 _a / sessualità, corpo, sessualità-maschile, sessualità-femminile, storia, erotismo, affettività /
650 _asessualità
942 _cBK
957 _71
999 _a23355
_bsi
_g1
_c209594
_d209594